Toll-like receptor 4 (TLR4) is the major pattern recognition receptor triggering the protective effect of a Candida albicans extracellular vesicle-based vaccine prototype in murine systemic candidiasis

Systemic candidiasis remains a significant public health concern worldwide, with high mortality rates despite available antifungal drugs. Drug-resistant strains add to the urgency for alternative therapies. In this context, vaccination has reemerged as a prominent immune-based strategy. Extracellula...

Teljes leírás

Elmentve itt :
Bibliográfiai részletek
Szerzők: Honorato Leandro
Bonilla Jhon J. Artunduaga
Valdez Alessandro F.
Frases Susana
Araujo Glauber Ribeiro de Sousa
Sabino Albaniza Liuane Ribeiro do Nascimento
da Silva Natalia Martins
Ribeiro Larissa
Ferreira Marina da Silva
Kornetz Julio
Rodrigues Marcio L.
Cunningham Iain
Gow Neil A. R.
Gácser Attila
Guimaraes Allan J.
Dutra Fabianno F.
Nimrichter Leonardo
Dokumentumtípus: Cikk
Megjelent: 2024
Sorozat:MSPHERE 9 No. 8
Tárgyszavak:
doi:10.1128/msphere.00467-24

mtmt:35211285
Online Access:http://publicatio.bibl.u-szeged.hu/36400
LEADER 04306nab a2200421 i 4500
001 publ36400
005 20250404085005.0
008 250404s2024 hu o 000 eng d
022 |a 2379-5042 
024 7 |a 10.1128/msphere.00467-24  |2 doi 
024 7 |a 35211285  |2 mtmt 
040 |a SZTE Publicatio Repozitórium  |b hun 
041 |a eng 
100 1 |a Honorato Leandro 
245 1 0 |a Toll-like receptor 4 (TLR4) is the major pattern recognition receptor triggering the protective effect of a Candida albicans extracellular vesicle-based vaccine prototype in murine systemic candidiasis  |h [elektronikus dokumentum] /  |c  Honorato Leandro 
260 |c 2024 
300 |a 19 
300 |a 1-19 
490 0 |a MSPHERE  |v 9 No. 8 
520 3 |a Systemic candidiasis remains a significant public health concern worldwide, with high mortality rates despite available antifungal drugs. Drug-resistant strains add to the urgency for alternative therapies. In this context, vaccination has reemerged as a prominent immune-based strategy. Extracellular vesicles (EVs), nanosized lipid bilayer particles, carry a diverse array of native fungal antigens, including proteins, nucleic acids, lipids, and glycans. Previous studies from our laboratory demonstrated that Candida albicans EVs triggered the innate immune response, activating bone marrow-derived dendritic cells (BMDCs) and potentially acting as a bridge between innate and adaptive immunity. Vaccination with C. albicans EVs induced the production of specific antibodies, modulated cytokine production, and provided protection in immunosuppressed mice infected with lethal C. albicans inoculum. To elucidate the mechanisms underlying EV-induced immune activation, our study investigated pathogen-associated molecular patterns (PAMPs) and pattern recognition receptors (PRRs) involved in EVs-phagocyte engagement. EVs from wild-type and mutant C. albicans strains with truncated mannoproteins were compared for their ability to stimulate BMDCs. Our findings revealed that EV decoration with O- and N-linked mannans and the presence of beta-1,3-glucans and chitin oligomers may modulate the activation of specific PRRs, in particular Toll-like receptor 4 (TLR4) and dectin-1. The protective effect of vaccination with wild-type EVs was found to be dependent on TLR4. These results suggest that fungal EVs can be harnessed in vaccine formulations to selectively activate PRRs in phagocytes, offering potential avenues for combating or preventing candidiasis. IMPORTANCE Systemic candidiasis is a serious global health concern with high mortality rates and growing drug resistance. Vaccination offers a promising solution. A unique approach involves using tiny lipid-coated particles called extracellular vesicles (EVs), which carry various fungal components. Previous studies found that Candida albicans EVs activate the immune response and may bridge the gap between innate and adaptive immunity. To understand this better, we investigated how these EVs activate immune cells. We demonstrated that specific components on EV surfaces, such as mannans and glucans, interact with receptors on immune cells, including Toll-like receptor 4 (TLR4) and dectin-1. Moreover, vaccinating with these EVs led to strong immune responses and full protection in mice infected with Candida. This work shows how harnessing fungal EVs might lead to effective vaccines against candidiasis. 
650 4 |a Biológiai tudományok 
700 0 1 |a Bonilla Jhon J. Artunduaga  |e aut 
700 0 1 |a Valdez Alessandro F.  |e aut 
700 0 1 |a Frases Susana  |e aut 
700 0 1 |a Araujo Glauber Ribeiro de Sousa  |e aut 
700 0 1 |a Sabino Albaniza Liuane Ribeiro do Nascimento  |e aut 
700 0 2 |a da Silva Natalia Martins  |e aut 
700 0 2 |a Ribeiro Larissa  |e aut 
700 0 2 |a Ferreira Marina da Silva  |e aut 
700 0 2 |a Kornetz Julio  |e aut 
700 0 2 |a Rodrigues Marcio L.  |e aut 
700 0 2 |a Cunningham Iain  |e aut 
700 0 2 |a Gow Neil A. R.  |e aut 
700 0 2 |a Gácser Attila  |e aut 
700 0 2 |a Guimaraes Allan J.  |e aut 
700 0 2 |a Dutra Fabianno F.  |e aut 
700 0 2 |a Nimrichter Leonardo  |e aut 
856 4 0 |u http://publicatio.bibl.u-szeged.hu/36400/1/honorato-et-al-2024-toll-like-receptor-4-tlr4-is-the-major-pattern-recognition-receptor-triggering-the-protective.pdf  |z Dokumentum-elérés